Parenting : (Record no. 101486)

MARC details
000 -LEADER
fixed length control field 00576nam a22001937a 4500
005 - DATE AND TIME OF LATEST TRANSACTION
control field 20160727103007.0
010 ## - LCCN (DPL NO)
LC control number ENG-115536
020 ## - INTERNATIONAL STANDARD BOOK NUMBER
International Standard Book Number 9788193223284
Terms of availability 395.00
035 ## - SYSTEM CONTROL NUMBER
System control number EN-99068
037 ## - SOURCE OF ACQUISITION
Source of stock number/acquisition DBAD/PUB
082 ## - DEWEY DECIMAL CLASSIFICATION NUMBER
Classification number 649
100 ## - MAIN ENTRY--PERSONAL NAME
Personal name Krishna Kumar Singh
245 ## - TITLE STATEMENT
Title Parenting :
Statement of responsibility, etc by K.K. Singh
Remainder of title a sociological analysis /
246 ## - VARYING FORM OF TITLE
Title proper/short title Parenting / Krishna Kumar Singh
260 ## - PUBLICATION, DISTRIBUTION, ETC. (IMPRINT)
Place of publication, distribution, etc Faridabad
Name of publisher, distributor, etc Maheshwari Prakashan
Date of publication, distribution, etc 2016
270 ## - ADDRESS
Address 911/7C
City Faridabad (Delhi/NCR)
Postal code 121006
300 ## - PHYSICAL DESCRIPTION
Dimensions 24cm(pbk)
Extent viii,246p.
942 ## - ADDED ENTRY ELEMENTS (KOHA)
Source of classification or shelving scheme Dewey Decimal Classification
Item type English Books
Classification part 649
Call number suffix KRI
Holdings
Withdrawn status Lost status Not for loan Collection code Home library Current library Date acquired Source of acquisition Cost, normal purchase price Full call number Barcode Copy number Cost, replacement price Koha item type
    Not For Loan Non-fiction D.B.Act.Division Bawana 26/07/2016 DBAD/PUB 395.00 649 KRI EN-99068 1 395.00 English Books

© Delhi Public Library
Hit Counter
free hit counter